The politics of international economic relations / (Record no. 12841)
[ view plain ]
| 000 -LEADER | |
|---|---|
| fixed length control field | 00756nam a2200253 a 4500 |
| 001 - CONTROL NUMBER | |
| control field | 12837 |
| 003 - CONTROL NUMBER IDENTIFIER | |
| control field | BD-JhCC |
| 005 - DATE AND TIME OF LATEST TRANSACTION | |
| control field | 20230518083216.0 |
| 008 - FIXED-LENGTH DATA ELEMENTS--GENERAL INFORMATION | |
| fixed length control field | 230518s19851977nyua b 001 0 eng |
| 010 ## - LIBRARY OF CONGRESS CONTROL NUMBER | |
| LC control number | 84051139 |
| 020 ## - INTERNATIONAL STANDARD BOOK NUMBER | |
| International Standard Book Number | 0043820441 |
| 040 ## - CATALOGING SOURCE | |
| Original cataloging agency | DLC |
| Transcribing agency | DLC |
| Modifying agency | DLC |
| -- | BD-JhCC |
| 050 00 - LIBRARY OF CONGRESS CALL NUMBER | |
| Classification number | HF1411 |
| Item number | .S69 1985 |
| 082 00 - DEWEY DECIMAL CLASSIFICATION NUMBER | |
| Classification number | 337 |
| Edition number | 19 |
| Item number | SPE 1985 |
| 100 1# - MAIN ENTRY--PERSONAL NAME | |
| Personal name | Spero, Joan Edelman. |
| 245 14 - TITLE STATEMENT | |
| Title | The politics of international economic relations / |
| Statement of responsibility, etc. | Joan Edelman Spero. |
| 250 ## - EDITION STATEMENT | |
| Edition statement | 3rd. ed. |
| 260 ## - PUBLICATION, DISTRIBUTION, ETC. | |
| Place of publication, distribution, etc. | New York : |
| Name of publisher, distributor, etc. | St. Martin's Press, |
| Date of publication, distribution, etc. | c1985. |
| 300 ## - PHYSICAL DESCRIPTION | |
| Extent | viii, 447 p. : |
| Other physical details | ill. ; |
| Dimensions | 23 cm. |
| 500 ## - GENERAL NOTE | |
| General note | Includes index. |
| 504 ## - BIBLIOGRAPHY, ETC. NOTE | |
| Bibliography, etc. note | Bibliography: p. 405-431.<br/>Includes index. |
| 650 #0 - SUBJECT ADDED ENTRY--TOPICAL TERM | |
| Topical term or geographic name entry element | International economic relations. |
| 942 ## - ADDED ENTRY ELEMENTS (KOHA) | |
| Source of classification or shelving scheme | Dewey Decimal Classification |
| Koha item type | Books |
| Withdrawn status | Lost status | Source of classification or shelving scheme | Damaged status | Not for loan | Home library | Current library | Shelving location | Date acquired | Source of acquisition | Total Checkouts | Full call number | Barcode | Date last seen | Copy number | Price effective from | Koha item type |
|---|---|---|---|---|---|---|---|---|---|---|---|---|---|---|---|---|
| Dewey Decimal Classification | JCC Rouf Library | JCC Rouf Library | General Stacks | 05/18/2023 | Major General Md. Shafeenul Islam.ndc,psc | 337 SPE 1985 | 17597 | 05/18/2023 | C-1 | 05/18/2023 | Books |